|
|
|
|
| LEADER |
00000cam a2200000 i 4500 |
| 001 |
1/60839 |
| 008 |
141203s2012 gre d |
| 020 |
|
|
|a 978-960-93-4129-5
|
| 035 |
|
|
|l 10119944
|
| 040 |
|
|
|a GR-MY-UA
|b gre
|e aacr
|
| 041 |
0 |
|
|a gre
|
| 082 |
0 |
|
|a 398.0949582
|2 (23)
|
| 100 |
1 |
|
|a Μπελίτσος, Θεόδωρος,
|d 1957-
|
| 245 |
1 |
0 |
|a Λημνιακά 2012 :
|b αφιέρωμα στα 100 χρόνια από την απελευθέρωση της Λήμνου /
|c Θεόδωρος Γρ. Μπελίτσος
|
| 260 |
|
|
|a Νέα Σμύρνη :
|b [χ.ό.],
|c 2012
|
| 300 |
|
|
|a 255 σ.;
|b εικ.;
|c 24 εκ.
|
| 504 |
|
|
|a Περιέχει βιβλιογραφία
|
| 650 |
0 |
0 |
|a Folklore
|x History
|z Greece
|z Limnos (Municipality)
|
| 650 |
0 |
0 |
|a Folklore
|z Greece
|z Limnos (Municipality)
|
| 650 |
0 |
0 |
|a Folklore and history
|z Greece
|z Limnos (Municipality)
|
| 651 |
|
0 |
|a Greece
|x Social life and customs
|y 20th century.
|
| 852 |
|
|
|a INST
|b LEMNOS
|e 20141203
|h 398.0949582 ΜΠΕ
|p 005600001598
|q 005600001598
|t BK
|y 0
|
| 901 |
|
|
|a BIBL6-2014-3
|
| 909 |
|
|
|a Μ
|b 161481
|
| 970 |
|
|
|a ΜΟΣΧΟΒΗ
|b ΕΥΑΓΓΕΛΙΑ
|z 2014/12/03
|